000
00276nam a22001217a 4500
003
NUST
038
_a
Tanveer
082
_a
891.4393
_b
HIJ
245
_a
Kalisa aur Aag /
_c
Naseem Hijazi
260
_a
Lahore
_b
Jahangir Books
_c
[N.D]
300
_a
428p.
_c
25 cm.
942
_2
ddc
_c
BK
999
_c
522833
_d
522833